01396cam a22003737a 450000500170000000800410001701000100005801100100006803500100007809000100008810000350009824501910013326000400032430000090036450200690037359000370044259000410047959000410052059000410056159000420060265000350064465000360067965000360071565000500075165000310080165000200083265000200085265000370087265000280090965000280093790100070096594900330097299900170100520220817043047.0971010s1988 r 00010 d a64286 a65258 a71594 aTesis00aRivera Almanza, José.997594 0aEfecto de la acumulación de iones sobre el rendimiento de materia seca de dos variedades de maíz (Zea mays L.) en suelos de la Laguna del Carmen, Pue. y del Lago de Texcoco, México aChapingo, Méx. :bEl autor,c1988 a91 h aTesis (Ing. Agr. Esp. en Suelos) -- UACH. Departamento de Suelos aALEPHb10c20130110lUCH01h1351 aBATCH-UPDb10c20130110lUCH01h0712 aBATCH-UPDb10c20130410lUCH01h0358 aBATCH-UPDb10c20130914lUCH01h1654 aCONVERSIONb10c20130109lUCH01h133514aIonesxConcentración.96026814aLago de TexcocoxSuelos.96441214aMaízxLago de Texcoco.97100014aMaízxMateria secaxDeterminación.97100414aMaízxVariedades.97108114aMaízzPuebla.14aMaízzPuebla.14aSuelosxLago de Texcoco.911041614aSuelosxPuebla.911046614aSuelosxPuebla.9110466 aBK bScTESd-4233eTS1i71594si c64286d64286